Achieving and sustaining institutional excellence for the first year of college

Guardat en:
Dades bibliogràfiques
Autors principals: Barefoot, Betsy O (Autor), Gardner, John N (Autor), Cutright, Marc (Autor), Morris, Libby V (Autor), Schroeder, Charles C (Autor), Schwartz, Stephen W (Autor), Siegel, Michael J (Autor), Swing, Randy L (Autor)
Format: Llibre
Idioma:anglès
Publicat: San Francisco John Wiley and Sons 2005
Edició:1a. ed
Matèries:
Etiquetes: Afegir etiqueta
Sense etiquetes, Sigues el primer a etiquetar aquest registre!

MARC

LEADER 00000nam a2200000 a 4500
001 UCG6750
003 CL-VaPUC
008 110520e20050000US |||||||||||||||||eng|d
020 |a 0787971510 
082 0 4 |a 378.101  |b BAR  |2 21 
100 0 |a Barefoot, Betsy O  |e author  |9 557108 
700 0 |a Gardner, John N  |e author  |9 557109 
700 0 |a Cutright, Marc  |e author  |9 557110 
700 0 |a Morris, Libby V  |e author  |9 557111 
700 0 |a Schroeder, Charles C  |e author  |9 557112 
700 0 |a Schwartz, Stephen W  |e author  |9 557113 
700 0 |a Siegel, Michael J  |e author  |9 557114 
700 0 |a Swing, Randy L  |e author  |9 557115 
245 1 0 |a Achieving and sustaining institutional excellence for the first year of college 
250 |a 1a. ed 
300 |a 448 p 
942 |c BK 
945 |d 20110520 00:00:00  |a dcastane 
260 |a San Francisco  |b John Wiley and Sons  |c 2005 
650 0 |a Universidades  |9 256317 
650 0 |a Educación superior   |9 223851 
650 0 |a Excelencia académica  |9 467755 
650 0 |a Planificación de la educación   |9 307333 
583 |a last modification  |c 20110520 00:00:00  |k Rodrigo Vera 
999 |c 344894  |d 344892 
952 |0 0  |1 0  |4 0  |6 378_101000000000000_BAR_2005  |7 0  |8 ED_SUP  |9 443243  |a BIBGIM  |b BIBGIM  |c S_PSTGRDO  |d 2019-11-22  |i 477695K  |o 378.101 BAR 2005  |p 477695K  |r 2025-01-15  |w 2019-11-22  |y BK_X  |k ESU